A course in electrical power

Bibliographic Details
Main Author: Gupta, J. B
Format: Book
Published: New Delhi : S.K. Kataria & Sons , 2014
Subjects:

MARC

LEADER 00000cam a2200000 7i4500
001 0000044213
005 20141217.0
008 141217
020 |a 8188458538 
090 0 0 |a 621.31   |b GUP 
100 1 |a Gupta, J. B 
245 1 2 |a A course in electrical power   |c J. B. Gupta 
260 |a New Delhi :   |b S.K. Kataria & Sons ,   |c 2014 
650 0 |a Electric power systems 
650 0 |a Electrical engineering 
999 |a 0001324078   |b Book   |c Adult Collection   |e Perbadanan Perpustakaan Awam Johor